Équipe du Japon de Football - Tous les joueurs (2000-....) - Statistiques

Statistiques générales
  • Ce quiz a été pris 164 fois
    111 depuis la dernière actualisation
  • Le résultat moyen est 33 sur 268
Statistiques - réponses
Première sélection Dernière sélection Joueur Nb de sélections % Correct
2012 2018 Gotoku Sakai 42
73%
2012 Hiroki Sakai 70
73%
2000 2000 Tomoyuki Sakai 1
73%
2008 2018 Keisuke Honda 98
67%
2011 2011 Takuya Honda 2
67%
2008 2019 Shinji Kagawa 97
63%
2019 Takefusa Kubo 18
60%
1998 2006 Tatsuhiko Kubo 32
60%
2016 2018 Yuya Kubo 13
60%
2017 Junya Ito 36
56%
2022 Hiroki Ito 3
55%
1997 2001 Teruyoshi Ito 27
55%
2008 Yuto Nagatomo 136
55%
1997 2006 Hidetoshi Nakata 77
53%
2000 2007 Koji Nakata 57
53%
2006 2013 Kengo Nakamura 68
51%
2017 Kosuke Nakamura 6
51%
2000 2010 Shunsuke Nakamura 98
51%
2019 Keita Endo 2
48%
2015 Wataru Endo 41
48%
2002 2015 Yasuhito Endo 152
48%
2008 Eiji Kawashima 95
45%
2010 Maya Yoshida 119
43%
2019 Daichi Kamada 19
40%
2015 Takumi Minamino 42
40%
2021 Kaoru Mitoma 7
35%
2008 2019 Shinji Okazaki 119
34%
2018 Takehiro Tomiyasu 28
32%
2019 Daizen Maeda 7
29%
2007 2013 Ryoichi Maeda 33
29%
2013 2014 Daisuke Suzuki 2
26%
2006 2008 Keita Suzuki 28
26%
2006 2018 Makoto Hasebe 114
26%
2019 Musashi Suzuki 9
26%
2018 Ritsu Doan 26
26%
2001 2005 Takayuki Suzuki 55
26%
2022 Zion Suzuki 1
26%
1999 2005 Atsuhiro Miura 25
25%
2017 Genta Miura 10
25%
1990 2000 Kazuyoshi Miura 89
25%
2009 Takashi Inui 36
24%
2019 Ao Tanaka 13
21%
2006 2006 Hayuma Tanaka 1
21%
2012 2014 Junya Tanaka 4
21%
2019 Ko Itakura 12
21%
2019 Kyogo Furuhashi 15
21%
2004 2006 Makoto Tanaka 32
21%
2006 2010 Marcus Tulio Tanaka 43
21%
2019 Shunta Tanaka 1
21%
2005 2009 Tatsuya Tanaka 16
21%
2015 Takuma Asano 36
20%
2019 Ayase Ueda 9
18%
2017 Naomichi Ueda 16
18%
2019 Teruki Hara 1
18%
2006 2006 Daigo Kobayashi 1
16%
2019 Keisuke Osako 3
16%
2016 Yuki Kobayashi 8
16%
2014 2018 Yu Kobayashi 14
16%
2013 Yuya Osako 57
16%
2018 Hidemasa Morita 16
15%
2019 Hiroki Abe 3
15%
2017 2017 Hiroyuki Abe 3
15%
2005 2011 Yuki Abe 53
15%
2011 Genki Haraguchi 73
14%
2018 Shoya Nakajima 19
14%
2008 2015 Atsuto Uchida 74
13%
2018 Daniel Schmidt 9
13%
2022 Reo Hatate 1
13%
2011 Daigo Nishi 2
12%
2019 Daiki Suga 1
12%
2015 Gen Shoji 20
12%
2004 2004 Norihiro Nishi 5
12%
1999 2003 Ryozu Morioka 38
12%
2005 2008 Seiichiro Maki 38
12%
1998 2008 Shinji Ono 56
12%
2019 Tsuyoshi Watanabe 1
12%
2014 Yoshinori Muto 29
12%
2015 2015 Yuki Muto 2
12%
2014 Gaku Shibasaki 58
11%
2006 2010 Hisato Sato 31
11%
1995 2001 Shoji Jo 35
11%
2015 Takashi Usami 27
11%
2020 Yukinari Sugawara 1
11%
2006 2006 Yuto Sato 1
11%
2003 2011 Daisuke Matsui 31
10%
1998 2004 Daisuke Oku 26
10%
2010 Shuichi Gonda 32
10%
2011 2012 Tadanari Lee 11
10%
2000 2010 Junichi Inamoto 82
9%
2010 Kensuke Nagai 12
9%
2019 Koji Miyoshi 5
9%
2012 Ryo Miyaichi 5
9%
2016 Ryota Oshima 7
9%
1998 2010 Seigo Narazaki 77
9%
2009 2017 Shusaku Nishikawa 31
9%
2017 2017 Shuto Yamamoto 1
9%
2003 2014 Yoshito Okubo 60
9%
2003 2003 Yuichiro Nagai 4
9%
2019 Yuki Soma 6
9%
2012 2013 Hideto Takahashi 7
8%
2013 Hotaru Yamaguchi 48
8%
2022 Kosei Tani 1
8%
2015 Masashi Higashiguchi 8
8%
1990 2003 Masashi Nakayama 53
8%
2009 2009 Satoshi Yamaguchi 2
8%
2015 Shogo Taniguchi 12
8%
2010 Tomoaki Makino 38
8%
2013 Toshihiro Aoyama 12
8%
2019 Yuta Nakayama 16
8%
1995 2002 Hiroaki Morishima 64
7%
2011 2017 Hiroshi Kiyotake 43
7%
2013 2017 Masato Morishige 41
7%
2002 2010 Mitsuo Ogasawara 55
7%
2009 2017 Mu Kanazaki 11
7%
2019 Teruhito Nakagawa 2
7%
2019 Tsukasa Morishima 4
7%
2005 2017 Yasuyuki Konno 93
7%
2013 2014 Yoichiro Kakitani 18
7%
1997 2008 Yoshikatsu Kawaguchi 116
7%
2021 Ado Onaiwu 3
5%
2019 Daiki Hashioka 2
5%
2013 2013 Hiroki Yamada 2
5%
1995 2001 Hiroshi Nanami 67
5%
2022 Joel Chima Fujita 2
5%
2004 2010 Keiji Tamada 72
5%
2017 2018 Kenyu Sugimoto 8
5%
2007 2007 Koki Mizuno 4
5%
2010 2015 Kosuke Ota 7
5%
2013 2016 Manabu Saito 6
5%
2011 2014 Masahiko Inoha 21
5%
2011 2016 Mike Havenaar 18
5%
2000 2008 Naohiro Takahara 57
5%
2009 2010 Naoki Yamada 2
5%
2015 2015 Naoyuki Fujita 1
5%
2002 2004 Nobuhisa Yamada 15
5%
2019 Ryosuke Yamanaka 2
5%
2008 2015 Shinzo Koroki 16
5%
2019 Shoma Doi 2
5%
2018 Sho Sasaki 15
5%
2009 2012 Takayuki Morimoto 10
5%
2003 2004 Takuya Yamada 4
5%
1995 2005 Toshiya Fujita 24
5%
2000 2005 Tsuneyasu Miyamoto 71
5%
2013 2015 Yohei Toyoda 8
5%
2004 2005 Yoichi Doi 4
5%
2000 2000 Yoshiharu Ueno 1
5%
2017 Yosuke Ideguchi 15
5%
2010 2016 Yosuke Kashiwagi 11
5%
2005 2013 Yuichi Komano 78
5%
1999 2010 Yuji Nakazawa 110
5%
2002 2006 Alessandro Santos 82
4%
2001 2001 Chikara Fujimoto 2
4%
2012 2012 Chikashi Masuda 1
4%
2010 2014 Hajime Hosogai 30
4%
2007 2010 Hideo Hashimoto 15
4%
2006 2015 Hiroki Mizumoto 7
4%
2007 2012 Jungo Fujimoto 13
4%
2013 2013 Kazuhiko Chiba 1
4%
2003 2007 Keisuke Tsuboi 40
4%
2015 2018 Kengo Kawamata 9
4%
2019 Kento Hashimoto 15
4%
2007 2010 Kisho Yano 19
4%
2019 Koki Anzai 5
4%
2019 Koki Ogawa 1
4%
2018 Koya Kitagawa 8
4%
2005 2008 Masashi Oguro 22
4%
2008 2011 Michihiro Yasuda 7
4%
2021 Miki Yamane 13
4%
2010 2011 Mitsuru Nagata 2
4%
2000 2005 Naoki Matsuda 40
4%
2021 Ryoya Ogawa 5
4%
2006 2008 Ryuji Bando 7
4%
2015 2017 Shu Kurata 9
4%
2022 Shuto Machino 3
4%
2021 Tatsuhiro Sakamoto 2
4%
1996 2003 Toshihiro Hattori 44
4%
2014 Tsukasa Shiotani 7
4%
2013 2017 Yojiro Takahagi 3
4%
2001 2013 Yoshiteru Yamashita 3
4%
2009 2013 Yuhei Tokunaga 9
4%
2007 2011 Akihiro Ienaga 3
3%
2003 2008 Akira Kaji 64
3%
1998 2006 Atsushi Yanagisawa 58
3%
2009 2011 Daiki Iwamasa 8
3%
1998 2002 Daisuke Ichikawa 10
3%
2000 2000 Go Oiwa 3
3%
2015 Hiroki Fujiharu 3
3%
2001 2003 Hitoshi Sogahata 4
3%
2018 2018 Jun Amano 1
3%
2008 2009 Kazunichi Takagi 5
3%
2001 2002 Kazuyuki Toda 20
3%
2021 Ken Matsubara 1
3%
2017 Kento Misao 6
3%
2006 2010 Koji Yamase 13
3%
2019 Kyosuke Tagawa 2
3%
2022 Mao Hosoya 1
3%
2000 2006 Masashi Motoyama 28
3%
2013 2013 Masato Kudo 4
3%
2010 2010 Naoya Kikuchi 1
3%
2012 2012 Naoya Kondo 1
3%
2011 2013 Ryota Moriwaki 3
3%
2016 2016 Ryota Nagaki 1
3%
2001 2009 Ryota Tsuzuki 6
3%
2017 Sei Muroya 16
3%
1997 2001 Shigeyoshi Mochizuki 15
3%
2005 2006 Shinji Murai 5
3%
2010 2010 Sota Hirayama 4
3%
1999 2006 Takashi Fukunishi 64
3%
1997 2000 Takashi Hirano 15
3%
2004 2005 Takayuki Chano 7
3%
2008 2009 Takeshi Aoki 2
3%
2010 2010 Takuji Yonemoto 1
3%
2019 Tomoki Iwata 4
3%
2018 2018 Tomoya Ugajin 1
3%
2000 2000 Tomoyuki Hirase 2
3%
2001 2002 Yasuhito Hato 15
3%
2017 2017 Yuichi Maruyama 2
3%
2013 2013 Yuki Otsu 2
3%
1995 2003 Yutaka Akita 44
3%
2006 2013 Yuzo Kurihara 20
3%
2008 2008 Yuzo Tashiro 3
3%
1997 2002 Akinori Nishizawa 29
2%
2019 Daiki Sugioka 5
2%
2006 2007 Daiki Takamatsu 2
2%
2006 2006 Daisuke Sakata 1
2%
1997 2002 Eisuke Nakanishi 14
2%
2021 Hayao Kawabe 4
2%
2022 Hayato Araki 1
2%
2000 2000 Hideaki Kitajima 3
2%
2010 2010 Kazuya Yamamura 1
2%
2000 2000 Keiji Kaimoto 1
2%
1993 2000 Masaaki Sawanobori 16
2%
2003 2012 Naohiro Ishikawa 6
2%
2006 2008 Naotake Hanyu 17
2%
2008 2009 Shuhei Terada 6
2%
2014 2014 Taishi Taguchi 3
2%
2019 Taiyo Koga 1
2%
2013 2013 Takahiro Ogihara 1
2%
2003 2004 Teruaki Kurobe 4
2%
2003 2006 Teruyuki Moniwa 9
2%
2000 2002 Tomokazu Myojin 26
2%
2019 Yugo Tatsuta 1
2%
2014 2014 Yusuke Minagawa 1
2%
1994 2003 Akira Nakahashi 38
1%
2000 2000 Daijiro Takakuwa 1
1%
2015 2015 Daiki Niwa 2
1%
2006 2006 Kazuki Ganaha 6
1%
2001 2001 Kenichi Uemura 4
1%
2016 2016 Koki Yonekura 2
1%
2022 Kota Mizunuma 2
1%
2010 2011 Kunimitsu Sekiguchi 3
1%
2001 2001 Nozomi Hiroyama 2
1%
2006 2008 Satoru Yamagishi 11
1%
2019 Shinnosuke Hatanaka 10
1%
2021 Shinnosuke Nakatani 5
1%
2021 Sho Inagaki 1
1%
2006 2006 Takahiro Futagawa 1
1%
2022 Takuma Nishimura 3
1%
2005 2005 Yoshinobu Minowa 1
1%
2021 Ataru Esaka 1
0%
2022 Gakuto Notsuda 1
0%
2017 2017 Kazuki Nagasawa 1
0%
2022 Makoto Mitsuta 2
0%
2022 Ryuta Koike 2
0%
2017 2018 Shintaro Kuruyama 4
0%
2022 Takuma Ominami 1
0%
2021 Yasuto Wakizawa 4
0%
2022 Yuto Iwasaki 1
0%
Aucun quiz correspondant
Distribution des résultats
% des personnes avec chaque résultat
Percentile par nombre de réponses
Votre historique - résultats
Vous n’avez pas pris ce quiz depuis la dernière actualisation